<?xml version="1.0" encoding="UTF-8"?>
<record
    xmlns:xsi="http://www.w3.org/2001/XMLSchema-instance"
    xsi:schemaLocation="http://www.loc.gov/MARC21/slim http://www.loc.gov/standards/marcxml/schema/MARC21slim.xsd"
    xmlns="http://www.loc.gov/MARC21/slim">

  <leader>01620nam a22002537i 4500</leader>
  <controlfield tag="003">DO-SdBNP</controlfield>
  <controlfield tag="005">20231103114227.0</controlfield>
  <controlfield tag="006">a||||fr|||| 00| 0 </controlfield>
  <controlfield tag="007">ta</controlfield>
  <controlfield tag="008">231101e2020    dr ad||| |||| 00| 0 spa d</controlfield>
  <datafield tag="040" ind1=" " ind2=" ">
    <subfield code="a">DO-SdBNP</subfield>
    <subfield code="b">spa</subfield>
    <subfield code="c">BNPHU</subfield>
    <subfield code="e">rda</subfield>
  </datafield>
  <datafield tag="082" ind1=" " ind2="4">
    <subfield code="2">22</subfield>
    <subfield code="b">C364c</subfield>
  </datafield>
  <datafield tag="245" ind1="1" ind2="3">
    <subfield code="a">El capital intelectual en las instituciones de educaci&#xF3;n superior: marco te&#xF3;rico y gesti&#xF3;n:</subfield>
    <subfield code="b">el caso de la universidad Aut&#xF3;noma de Santo Domingo. /</subfield>
    <subfield code="c">Pablo Castillo</subfield>
  </datafield>
  <datafield tag="264" ind1=" " ind2=" ">
    <subfield code="a">Santo Domingo :</subfield>
    <subfield code="b">[sin editora],</subfield>
    <subfield code="c">2020</subfield>
  </datafield>
  <datafield tag="300" ind1=" " ind2=" ">
    <subfield code="a">419 p&#xE1;ginas :</subfield>
    <subfield code="b">Ilustraciones, gr&#xE1;ficas ;</subfield>
    <subfield code="c">27 cm.</subfield>
  </datafield>
  <datafield tag="336" ind1=" " ind2=" ">
    <subfield code="2">rdacontent</subfield>
    <subfield code="a">texto</subfield>
    <subfield code="b">txt</subfield>
  </datafield>
  <datafield tag="337" ind1=" " ind2=" ">
    <subfield code="2">rdamedia</subfield>
    <subfield code="a">sin mediaci&#xF3;n</subfield>
    <subfield code="b">n</subfield>
  </datafield>
  <datafield tag="338" ind1=" " ind2=" ">
    <subfield code="2">rdacarrier</subfield>
    <subfield code="a">volumen</subfield>
    <subfield code="b">nc</subfield>
  </datafield>
  <datafield tag="500" ind1=" " ind2=" ">
    <subfield code="a">Incluye bibliograf&#xED;a y notas al pie de p&#xE1;ginas.</subfield>
  </datafield>
  <datafield tag="500" ind1=" " ind2=" ">
    <subfield code="a">Incluye &#xED;ndices.</subfield>
  </datafield>
  <datafield tag="505" ind1=" " ind2=" ">
    <subfield code="a">&#xCD;ndice de cuadros.-- &#xCD;ndice de gr&#xE1;ficos.-- &#xCD;ndice de tablas.-- &#xCD;ndice de acr&#xF3;nimos.--</subfield>
    <subfield code="g">Introducci&#xF3;n</subfield>
    <subfield code="t">1. Metodolog&#xED;a.--</subfield>
    <subfield code="t">2. Marco Te&#xF3;rico y Conceptual.--</subfield>
    <subfield code="t">3. La Gesti&#xF3;n del Capital Intelectual en las IES.--</subfield>
    <subfield code="t">4. La Gesti&#xF3;n del Capital Intelectual Estructural.--</subfield>
    <subfield code="t">5. El Sistema de Educaci&#xF3;n Superior de la Rep&#xFA;blica Dominicana.--</subfield>
    <subfield code="t">6. Informe de Capital Intelectual Estructural de la UASD. Estado de Situaci&#xF3;n.--</subfield>
    <subfield code="t">7. Informe de Capital Intelectual Humano de la UASD. Estado de Situaci&#xF3;n.--</subfield>
    <subfield code="t">8. Informe de Capital Intelectual Relacional de la UASD. Estado de Situaci&#xF3;n.</subfield>
    <subfield code="t">Conclusiones.--</subfield>
    <subfield code="t">Referencias Bibliogr&#xE1;ficas.--</subfield>
    <subfield code="t">Anexos.</subfield>
    <subfield code="t">Ap&#xE9;ndice A.-- Ap&#xE9;ndice B.-- Ap&#xE9;ndice C.-- Ap&#xE9;ndice D.--</subfield>
    <subfield code="t">Formulario de Evaluaci&#xF3;n profesoral.</subfield>
  </datafield>
  <datafield tag="590" ind1=" " ind2=" ">
    <subfield code="a">Inventariado 2023 / MF</subfield>
  </datafield>
  <datafield tag="942" ind1=" " ind2=" ">
    <subfield code="2">ddc</subfield>
    <subfield code="c">LBS1</subfield>
  </datafield>
  <datafield tag="952" ind1=" " ind2=" ">
    <subfield code="0">0</subfield>
    <subfield code="1">0</subfield>
    <subfield code="2">ddc</subfield>
    <subfield code="5">1</subfield>
    <subfield code="7">0</subfield>
    <subfield code="8">PD</subfield>
    <subfield code="a">BNPHU</subfield>
    <subfield code="b">BNPHU</subfield>
    <subfield code="c">CT</subfield>
    <subfield code="d">2021-12-27</subfield>
    <subfield code="e">Dep&#xF3;sito Legal </subfield>
    <subfield code="l">0</subfield>
    <subfield code="o">C364c</subfield>
    <subfield code="p">2023-7537</subfield>
    <subfield code="r">2023-11-01</subfield>
    <subfield code="w">2023-11-01</subfield>
    <subfield code="y">LBS1</subfield>
  </datafield>
  <datafield tag="999" ind1=" " ind2=" ">
    <subfield code="c">55371</subfield>
    <subfield code="d">55371</subfield>
  </datafield>
</record>
